Statistiques concernant Nombre de cardinaux par pays

Cliquez ici pour prendre le quiz!

Statistiques générales

  • Ce quiz a été pris 48 fois
  • Le résultat moyen est 20 sur 30

Statistiques - réponses

Nombre de cardinaux Pays % Correct
8France
98%
10Brésil
93%
50Italie
93%
4Argentine
89%
10Espagne
89%
19Etats-Unis
89%
10Allemagne
89%
4Canada
84%
2Portugal
82%
4Mexique
82%
6Pologne
76%
3Australie
73%
3Chili
73%
3Royaume-Uni
71%
3Colombie
71%
2Chine
69%
4Suisse
67%
5Inde
67%
2Irlande
62%
2Hongrie
60%
2Pays-Bas
60%
2République tchèque
51%
2Slovaquie
49%
2Ukraine
47%
3Nigéria
40%
4Philippines
38%
2Corée du sud
33%
2Côte d'Ivoire
31%
2Liban
22%
2Nicaragua
9%

Distribution des résultats

Percentile by Number Answered

% des personnes avec chaque résultat

Votre développement - résultats

Vous n’avez pas pris ce quiz